000 00353nam a2200145 a 4500
005 20140412111347.0
008 110105s19uu xx 00 eng d
020 _a0-590-43049-1
050 _aTR(PS E
_bSw6 1989
100 _aLionni, Leo
245 _aSwimmy /
_cLeo Lionni.
260 _aNY :
_bScholastic,
_c1989.
300 _aunp.
999 _c105224
_d105224